| 000 | 01419cam a22003857a 4500 | ||
|---|---|---|---|
| 003 | CHAP | ||
| 005 | 20220817043655.0 | ||
| 008 | 000524d2000 mx r 00110 spa d | ||
| 010 | _a81262 | ||
| 011 | _a82234 | ||
| 035 | _a92722 | ||
| 040 | _cCHAP | ||
| 090 | _aTesis | ||
| 100 | 0 | 0 |
_aGil Méndez, J. Jesús. _947939 |
| 245 | 1 | 0 |
_aSituación socioeconómica y ecológica de los productores minifundistas de la región del Valle de Ixtlán, Mich. (caso : el Valenciano) _c/por J. Jesús Gil Méndez |
| 260 |
_aChapingo, Méx. : _bEl autor, _c2000. |
||
| 300 | _a161 h. | ||
| 502 | _aTesis (Ing. Agr. Esp. en Sociología Rural) -- UACH. Departamento de Sociología Rural | ||
| 590 |
_aALEPH _b10 _c20130110 _lUCH01 _h1435 |
||
| 590 |
_aBATCH-UPD _b10 _c20130110 _lUCH01 _h0956 |
||
| 590 |
_aBATCH-UPD _b10 _c20130410 _lUCH01 _h0609 |
||
| 590 |
_aBATCH-UPD _b10 _c20130914 _lUCH01 _h1156 |
||
| 590 |
_aCONVERSION _b10 _c20130109 _lUCH01 _h1345 |
||
| 650 | 1 | 4 |
_aDesarrollo rural. _932067 |
| 650 | 1 | 4 | _aDesarrollo sustentable. |
| 650 | 1 | 4 |
_aMichoacán _xCondiciones económicas. _975446 |
| 650 | 1 | 4 |
_aMichoacán _xCondiciones sociales. |
| 650 | 1 | 4 |
_aPolítica agrícola _zMéxico. |
| 650 | 1 | 4 |
_aTierras _xTenencia _xMichoacán. _9113180 |
| 901 | _aBK | ||
| 905 | _aLilia Sánchez G. | ||
| 942 | _cFOLL | ||
| 949 |
_bBC _cTES _d33724000778973 _eTS2 _fc.2 _h36845 _i92722 _sb |
||
| 949 |
_bBC _cTES _d927221 _eTS1 _h36844 _i92722 _sb |
||
| 999 |
_c81262 _d81262 |
||